| Tag |
First Indicator |
Second Indicator |
Subfields |
| LEADER |
00000cam a2200000 i 4500 |
| 001 |
in00001117421 |
| 005 |
20150930072712.0 |
| 008 |
770926s1942 ag b f000 1 spa d |
| 035 |
|
|
|a (OCoLC)03295920
|
| 035 |
|
|
|9 AFW4956AM
|
| 040 |
|
|
|a YUS
|c YUS
|d m.c.
|d m/c
|d UtOrBLW
|
| 049 |
|
|
|a TXAM
|
| 090 |
|
|
|a PQ7797.P39
|b Z9 1942
|
| 100 |
1 |
|
|a Anderson Imbert, Enrique,
|d 1910-2000.
|
| 245 |
1 |
0 |
|a Tres novelas de Payró :
|b con pícaros en tres miras /
|c Enrique Anderson Imbert.
|
| 264 |
|
1 |
|a Tucumán :
|b Universidad Nacional de Tucumán, Facultad de Filosofia y Letras,
|c 1942.
|
| 300 |
|
|
|a 75 pages ;
|c 23 cm.
|
| 336 |
|
|
|a text
|b txt
|2 rdacontent
|
| 337 |
|
|
|a unmediated
|b n
|2 rdamedia
|
| 338 |
|
|
|a volume
|b nc
|2 rdacarrier
|
| 490 |
1 |
|
|a Cuadernos de Letras ;
|v 1
|
| 504 |
|
|
|a Includes bibliographical references.
|
| 600 |
1 |
0 |
|a Payró, Roberto Jorge,
|d 1867-1928
|x Criticism and interpretation.
|
| 830 |
|
0 |
|a Cuadernos de Letras ;
|v 1.
|
| 999 |
|
|
|a MARS
|
| 999 |
f |
f |
|s 2674680a-f334-3af6-abc6-676bee0662fe
|i 815b85f1-d467-371b-8cfb-a740e5f94b8b
|t 0
|
| 952 |
f |
f |
|p ric
|a Texas A&M University
|b Rellis Campus
|c Joint Library Facility
|d Remote Storage
|t 0
|e PQ7797.P39 Z9 1942
|h Library of Congress classification
|i unmediated -- volume
|m A14817399467
|
| 998 |
f |
f |
|a PQ7797.P39 Z9 1942
|t 0
|l Remote Storage
|